00353cam a22001217a 4500008004000000082001600040100002100056245004700077260002900124300001000153650002700163650004100190180718b1959 xxu||||| |||| 00| 0 eng d aA72x66 C885 aCrowder, Michael aPagens and politicianscby Michael Crowder aLondonbHutchinsonc1959 a224p. aAfrica West - Politics aAfrica West - Descroption and Travel